LIBRARY & INFORMATION CENTRE, KCAET, TAVANUR

ONLINE PUBLIC ACCESS CATALOGUE (OPAC)

Motorways, flyovers and mountain roads / (Record no. 2364)

MARC details
000 -LEADER
fixed length control field 00381cam a2200157ua 4500
003 - CONTROL NUMBER IDENTIFIER
control field OSt
008 - FIXED-LENGTH DATA ELEMENTS--GENERAL INFORMATION
fixed length control field 250806b |||||||| |||| 00| 0 eng d
041 ## - LANGUAGE CODE
Language code of text/sound track or separate title eng
082 ## - DEWEY DECIMAL CLASSIFICATION NUMBER
Classification number 625.7
Item number DAW/MO
100 ## - MAIN ENTRY--AUTHOR NAME
Personal name Dawson, Royal.F.G .
245 ## - TITLE STATEMENT
Title Motorways, flyovers and mountain roads /
250 ## - EDITION STATEMENT
Edition statement 1 /
260 ## - PUBLICATION, DISTRIBUTION, ETC. (IMPRINT)
Place of publication :
Name of publisher E & F.N Spon ,
Year of publication 1938.
300 ## - PHYSICAL DESCRIPTION
Number of Pages 176 ; .
942 ## - ADDED ENTRY ELEMENTS (KOHA)
Koha item type Books
Holdings
Withdrawn status Lost status Damaged status Home library Current library Date acquired Full call number Accession Number Koha item type
      KAUAET KAUAET 07/04/2012 625.7 DAW/MO 4616 Books
free website counter